000
00289nam a2200121Ia 4500
008
220216s9999 xx 000 0 und d
100
_a
Mathew J
245
0
_a
Rubber thottathil veno kothuku valarthal
260
_b
Karshakasree
_c
2010
300
_a
24
700
_a
Jose V.T.
942
_c
BS
999
_c
50106
_d
50106